000 00324nam a2200121Ia 4500
008 220204s9999 xx 000 0 und d
082 _a159.9
_bCOX
100 _aCox, David
245 0 _aModern psychology: The teachings of Carl Gustar Jung
260 _aNew York
_bBarnes & Noble
_c1968
650 _aPsychology
942 _cBK
999 _c34091
_d34091